banner koha

Interference of the association oxyfluorfen + flumioxazin and the addition of mineral oil on a phytosociological survey (Registro n. 4985)

MARC details
000 -LÍDER
fixed length control field 04094nab a2200289 i 4500
003 - CÓDIGO MARC DA AGÊNCIA CATALOGADORA
Campo de controle BR-BrBNA
005 - DATA E HORA DA ÚLTIMA ATUALIZAÇÃO
Campo de controle 20230901092320.0
008 - CAMPO DE TAMANHO FIXO
fixed length control field 230403b2018 bl.ar|pooa||| 00| 0 eng |
040 ## - FONTE DA CATALOGAÇÃO
Agência catalogadora BR-BrBNA
Idioma da catalogação eng
072 ## - CATEGORIA AGRIS
Código AGRIS H60
100 ## - ENTRADA PRINCIPAL - NOME PESSOAL
Nome pessoal Mendes, K.F.
100 ## - ENTRADA PRINCIPAL - NOME PESSOAL
Nome pessoal Goulart, M.O.
100 ## - ENTRADA PRINCIPAL - NOME PESSOAL
Nome pessoal Inoue, M.H.
100 ## - ENTRADA PRINCIPAL - NOME PESSOAL
Nome pessoal Mertens, T.B.
100 ## - ENTRADA PRINCIPAL - NOME PESSOAL
Nome pessoal Silva, I.P.
245 ## - TÍTULO PRINCIPAL
Título principal Interference of the association oxyfluorfen + flumioxazin and the addition of mineral oil on a phytosociological survey
500 ## - NOTA GERAL
Nota geral Publicação on-line; 28 ref.; 4 tables; 2 illus.; Summaries (En, Pt)
942 ## - ADDED ENTRY ELEMENTS (KOHA)
Koha item type
520 ## - NOTA DE RESUMO
Nota de conteúdo <br/><br/>ABSTRACT - Phytosociological studies are extremely important for the management<br/>of weeds in cultivated areas. Thus, the goal of this work was to evaluate the interference<br/>of mineral oil associated with oxyfluorfen and flumioxazin, through the phytosociological<br/>survey of weeds. Therefore, this experiment was conducted in a 2 x 5 + 1 factorial<br/>design and with four replications; the following oxyfluorfen + flumioxazin associations<br/>were evaluated: 240 + 50, 192 + 40, 144 + 30, 96 + 20 and 48 + 10 g a.i. ha-1, with and<br/>without the addition of mineral oil, including a control sample without application.<br/>Thirty days after the application, plant density, frequency and abundance of species<br/>were determined, and so were frequency, density and relative abundance, as well as<br/>the importance value index. Results indicate that the application of the mixture<br/>oxyfluorfen + flumioxazin, regardless of the addition of the mineral oil, provided a great<br/>population of Poaceae. The species Digitaria horizontalis and Brachiaria decumbens<br/>showed a higher importance value index in all treatments. Families with greater<br/>representation as for number of species were Poaceae, Asteraceae, Fabaceae and<br/>Rubiaceae. The addition of oil and different doses of the mixture oxyfluorfen + flumioxazin<br/>did not affect the population of weeds, compared to the mixture without mineral oil.<br/><br/>Keywords: phytosociology, similarity index, herbicide association, adjuvants.<br/>
520 ## - NOTA DE RESUMO
Nota de conteúdo <br/><br/>RESUMO - Estudos fitossociológicos são de fundamental importância para o<br/>manejo de plantas daninhas em áreas cultivadas. Assim, o objetivo deste trabalho<br/>foi avaliar a interferência de óleo mineral associado ao oxyfluorfen e flumioxazin<br/>no levantamento fitossociológico de plantas daninhas. Para isso, realizou-se este<br/>experimento em esquema fatorial 2 x 5 + 1 e quatro repetições, sendo avaliadas as<br/>associações de oxyfluorfen + flumioxazin: 240 + 50, 192 + 40, 144 + 30, 96 + 20<br/>e 48 + 10 g i.a. ha-1, com e sem a adição de óleo mineral, adicionando-se um<br/>controle sem aplicação. Aos 30 dias após a aplicação, determinou-se a densidade<br/>de plantas, frequência e abundância das espécies, frequência, densidade e<br/>abundância relativa, além do índice de valor de importância. Os resultados indicam<br/>que a aplicação da mistura oxyfluorfen + flumioxazin, independentemente da<br/>adição do óleo mineral, proporcionou elevada população de espécies de Poaceae.<br/>As espécies de Digitaria horizontalis e Brachiaria decumbens apresentaram maior<br/>índice de valor de importância em todos os tratamentos avaliados. As famílias com<br/>maior representatividade em relação ao número de espécies foram Poaceae,<br/>Asteraceae, Fabaceae e Rubiaceae. A adição de óleo e as diferentes doses da<br/>mistura oxyfluorfen + flumioxazin não interferiram na população de plantas<br/>daninhas, em comparação com a mistura sem o óleo mineral.<br/><br/>Palavras-chave: fitossociologia, índice de similaridade, associação de herbicidas,<br/>adjuvantes.
650 ## - ASSUNTO - THESAGRO
Cabeçalho tópico ou nome geográfico HERBICIDA
650 ## - ASSUNTO - THESAGRO
Cabeçalho tópico ou nome geográfico ERVA DANINHA
650 ## - ASSUNTO - THESAGRO
Cabeçalho tópico ou nome geográfico ÓLEO MINERAL
773 0# - ENTRADA ANALÍTICA
Host Biblionumber 886
Registro do item 1815
Imprenta Londrina-PR : Sociedade Brasileira da Ciência das Plantas Daninhas, 1978
Outro identificador 2023-031022
Título Planta Daninha (Brazil)
ISSN 0100-8358; 1806-9681 (on-line)
Colação v. 36 p. 1-9; (2018)
Número de controle de registro BR2023000030
856 ## - ACESSO E ENDEREÇO ELETRÔNICO
Identificador uniforme de recurso - URI https://www.scielo.br/j/pd/a/CZSBR9d9wZwB5LmTxWB5rxy/?format=pdf&lang=en

Nenhum exemplar disponível.

BINAGRI

Telefone: (61)3218-2567/2388/3357/2097 - binagri@agro.gov.br

Ministério da Agricultura e Pecuária , Esplanada dos Ministérios, Bloco D, Anexo B, Brasília/DF, CEP: 70.043-900